| 000 | 01133nam0a22002651 4500 | ||
|---|---|---|---|
| 001 | rc\2926236 | ||
| 005 | 20250806211509.0 | ||
| 035 | _a(NLR Aleph) 007076025 | ||
| 090 |
_a44396 _c44396 |
||
| 100 | _a20110816d1943 u y0rusy50 ca | ||
| 101 | 0 | _arus | |
| 102 | _aRU | ||
| 105 | _aa z ||||| | ||
| 200 | 1 |
_aШлако-дегтевые сборные кровли и полы из плиток _eПредложение И.П. Мирошниченко |
|
| 210 |
_a[Москва] _cСтройиздат _d1943 |
||
| 215 |
_a8 с. Без обл. и тит. л. _cчерт. _d18 см |
||
| 225 | 1 |
_aИзобретения и технические усовершенствования _fНар. комиссариат по стр-ву СССР, Техн. упр., Бюро по изобретательству |
|
| 712 | 0 | 1 |
_aСССР _bНародный комиссариат по строительству _4570 |
| 801 | 0 |
_aRU _bNLR _gpsbo |
|
| 801 | 1 |
_aRU _bELAR _2rusmarc |
|
| 852 |
_aNLR _bПт _j02 Г-4/19 |
||
| 942 | _cBOOK | ||
| 945 | _aРоссийская национальная библиотека | ||
| 980 | _aNB | ||
| 980 | _aBV | ||